000 00252nam a2200097Ia 4500
005 20251222114412.0
008 251222s1900||||xx |||||||||||||| ||spa||
082 _aDVD0050/S78/3
245 0 _aStar wars: episodio III - la venganza de los Sith:
942 _cDVD
999 _c2084
_d2084